ARRUPE JESUIT UNIVERSITY

CORONAVIRUS -STOP THE SPREAD - CLEAN,DISINFECT,COVER

Ancient wisdom and modern misconceptions : (Record no. 123779)

MARC details
000 -LEADER
fixed length control field 01216cam a22003498i 4500
001 - CONTROL NUMBER
control field 17686749
003 - CONTROL NUMBER IDENTIFIER
control field ARRUPE
005 - DATE AND TIME OF LATEST TRANSACTION
control field 20151112113230.0
008 - FIXED-LENGTH DATA ELEMENTS--GENERAL INFORMATION
fixed length control field 130405s2013 wau b 001 0 eng
010 ## - LIBRARY OF CONGRESS CONTROL NUMBER
LC control number 2013011609
020 ## - INTERNATIONAL STANDARD BOOK NUMBER
International Standard Book Number 9781621380214 (pbk. : alk. paper)
020 ## - INTERNATIONAL STANDARD BOOK NUMBER
International Standard Book Number 9781621380238 (hardback : alk. paper)
040 ## - CATALOGING SOURCE
Original cataloging agency DLC
Language of cataloging eng
Transcribing agency DLC
Description conventions rda
042 ## - AUTHENTICATION CODE
Authentication code pcc
050 00 - LIBRARY OF CONGRESS CALL NUMBER
Classification number BL240.3
Item number .S65 2013
082 00 - DEWEY DECIMAL CLASSIFICATION NUMBER
Classification number 110
Edition number 23
300 ## - PHYSICAL DESCRIPTION
Dimensions 23cm.
100 1# - MAIN ENTRY--PERSONAL NAME
Personal name Smith, Wolfgang,
Dates associated with a name 1930-
9 (RLIN) 15422
240 10 - UNIFORM TITLE
Uniform title <a href="Wisdom of ancient cosmology">Wisdom of ancient cosmology</a>
245 10 - TITLE STATEMENT
Title Ancient wisdom and modern misconceptions :
Remainder of title a critique of contemporary scientism /
Statement of responsibility, etc Wolfgang Smith.
250 ## - EDITION STATEMENT
Edition statement First edition
260 ## - PUBLICATION, DISTRIBUTION, ETC. (IMPRINT)
Place of publication, distribution, etc USA
Name of publisher, distributor, etc Angelico Press
Date of publication, distribution, etc 2013
263 ## - PROJECTED PUBLICATION DATE
Projected publication date 1304
300 ## - PHYSICAL DESCRIPTION
Extent 235p. ;
500 ## - GENERAL NOTE
General note "Revised edition of a book entitled The Wisdom of Ancient Cosmology published a decade ago"--Galley preface.
504 ## - BIBLIOGRAPHY, ETC. NOTE
Bibliography, etc Includes bibliographical references and index.
650 #0 - SUBJECT ADDED ENTRY--TOPICAL TERM
Topical term or geographic name as entry element Religion and science.
9 (RLIN) 21066
650 #0 - SUBJECT ADDED ENTRY--TOPICAL TERM
Topical term or geographic name as entry element Science
General subdivision History.
9 (RLIN) 21067
650 #0 - SUBJECT ADDED ENTRY--TOPICAL TERM
Topical term or geographic name as entry element Cosmology.
9 (RLIN) 21068
906 ## - LOCAL DATA ELEMENT F, LDF (RLIN)
a 7
b cbc
c orignew
d 1
e ecip
f 20
g y-gencatlg
942 ## - ADDED ENTRY ELEMENTS (KOHA)
Source of classification or shelving scheme Library of Congress Classification
Koha item type Monograph ( Printed materials)
Holdings
Withdrawn status Lost status Source of classification or shelving scheme Damaged status Not for loan Collection code Home library Current library Shelving location Date acquired Total Checkouts Full call number Barcode Date last seen Price effective from Koha item type
    Library of Congress Classification     Main Collection ARRUPE LIBRARY ARRUPE LIBRARY Main Collection 12/11/2015   BL240.3 .S65 2013 80005002630 26/10/2016 12/11/2015 Monograph ( Printed materials)

 

Arrupe Library. PO Box MP320 Mt Pleasant, Harare, Zimbabwe
263 242 745411|librarian@aju.ac.zw